00642nam a2200169Ia 4500001001000000003000500010008004100015010001100056040000900067082001800076110007300094245018300167260003700350300001100387650004700398650002700445Para_6839CHAP220125s1985 xx 000 0 und d a203683 cCHAP aPA 630.72 I51 aInstituto Nacional de Investigaciones Agrícolas. México (CIAGOC) aGuía para la asistencia técnica agrícola :b área de influencia del Campo Agrícola Experimental Huimanguillo /c por Instituto Nacional de Investigaciones Agrícolas aMéxico, D.F. :b INIA. CIAGOC a126 p. aAgricultura x investigación x Tabasco  aAgricultura x Tabasco